The bureaucrats of Buenos Aires, 1769-1810 : amor al real servicio /

Bibliographic Details
Main Author: Socolow, Susan Migden, 1941-
Format: Book
Language:English
Published: Durham : Duke University Press, 1987.
Subjects:

MARC

Tag First Indicator Second Indicator Subfields
LEADER 00000cam a2200000 a 4500
001 in00000013615
005 20151007052522.0
008 870416s1987 ncua b 00110 eng
010 |a  87009211  
020 |a 0822307537 (alk. paper) 
035 |a (OCoLC)15696072 
035 |9 AAA8107AM 
040 |a DLC  |c DLC  |d TXA  |d UtOrBLW 
043 |a s-ag--- 
049 |a TXAM  |c [A11464028] 
050 0 0 |a JL2046  |b .S66 1987 
082 0 |a 306/.24/0982  |2 19 
100 1 |a Socolow, Susan Migden,  |d 1941- 
245 1 4 |a The bureaucrats of Buenos Aires, 1769-1810 :  |b amor al real servicio /  |c Susan Migden Socolow. 
264 1 |a Durham :  |b Duke University Press,  |c 1987. 
300 |a xxi, 356 pages :  |b illustrations ;  |c 24 cm. 
336 |a text  |b txt  |2 rdacontent 
337 |a unmediated  |b n  |2 rdamedia 
338 |a volume  |b nc  |2 rdacarrier 
504 |a Bibliography: pages [335]-349. 
500 |a Includes index. 
650 0 |a Bureaucracy  |z Argentina  |x History. 
651 0 |a Argentina  |x Politics and government  |y To 1810. 
999 |a MARS 
999 f f |s 39611713-5f13-30ef-be80-157b73881581  |i 63ea1233-08c6-3860-9544-6a5022013e60  |t 0 
952 f f |p ric  |a Texas A&M University  |b Rellis Campus  |c Joint Library Facility  |d Remote Storage  |t 0  |e JL2046 .S66 1987  |h Library of Congress classification  |i unmediated -- volume  |m A14811464028 
998 f f |a JL2046 .S66 1987  |t 0  |l Remote Storage